Statistiques concernant Petit bac prénoms féminins

Cliquez ici pour prendre le quiz!

Statistiques générales

  • Ce quiz a été pris 52 fois
  • Le résultat moyen est 1 sur 20

Statistiques - réponses

LettresRéponses% Correct
PPauline
76%
YYasmine
20%
FFaustine
18%
KKenza
9%
AAlice Ambre Agathe Anna Alix Amélie Anais Alicia Amandine Aya Adele Adèle Alba Alya Alicia Amélia Amelia Apolline Assia Ava Alma Albane
0%
BBlanche Bianca Béatrice Beatrice Britney Belle Bella
0%
CCharlotte Clara Clémence Capucine Cappucine Célia Celia Chloe Chloé Cloé Camille Candice Constance Céleste
0%
EEmma Eva Elise Elisa Elsa Emilie Emy Elena Eloise Ella
0%
GGabrielle Giulia
0%
IInès Ines Inaya Iris
0%
JJade Juliette Julie Julia Jeanne Justine Joy
0%
LLola Louise Lilou Léa Lina Louna Lucie Léna Lena Lisa Lou Luna Louane Lea Lana Lily Lili Laura Lise Lya Lyana Léana Livia
0%
MManon Maelys Margaux Margot Mathilde Marie Morgane Maelle Maeva Maéva Marion Melina Mélina Mila Mia Mya Maria Maya
0%
NNoemie Noémie Nina Ninon Nour Nora
0%
OOceane Océane Olivia
0%
RRomane Rose Romy Roxane
0%
SSarah Sofia Sara Stella Salomé Soline
0%
TThaïs Thais Théa
0%
VVictoria Valentine Victoire
0%
ZZoé Zoe Zelie Zélie
0%

Distribution des résultats

Percentile par nombre de réponses

% des personnes avec chaque résultat

Votre développement - résultats

Vous n’avez pas pris ce quiz